| 000 | 00585nam a2200205 a 4500 | ||
|---|---|---|---|
| 005 | 20210219152930.0 | ||
| 008 | 991125n 000 0 u | ||
| 035 | _aUPN01000067404 | ||
| 100 | _aEmery, Donna W. | ||
| 222 |
_aREADING IMPROVEMENT : _bA JOURNAL FOR THE IMPROVEMENT OF READING |
||
| 245 | _aChildren's understanding of story characters | ||
| 300 | _a2-9 | ||
| 362 | _a29, No. 1, 1992 | ||
| 505 | _aJulio 1993 | ||
| 653 | 0 | _aCOMPRENSION LECTORA | |
| 653 | 0 | _aDESARROLLO DEL ESTUDIANTE | |
| 653 | 0 | _aLECTURA DEL CUENTO | |
| 904 |
_aAC _b005215 |
||
| 905 | _aArticulo | ||
| 999 |
_c64014 _d64014 |
||